MARC details
| 000 -LEADER |
| fixed length control field |
01841cas a2200505 4500 |
| 001 - CONTROL NUMBER |
| control field |
11196046 |
| 003 - CONTROL NUMBER IDENTIFIER |
| control field |
BDDh-ASL |
| 005 - DATE AND TIME OF LATEST TRANSACTION |
| control field |
20231015030119.0 |
| 008 - FIXED-LENGTH DATA ELEMENTS--GENERAL INFORMATION |
| fixed length control field |
751019d19691977ii x 0 0eng |
| 010 ## - LIBRARY OF CONGRESS CONTROL NUMBER |
| LC control number |
75906733 |
| 016 ## - NATIONAL BIBLIOGRAPHIC AGENCY CONTROL NUMBER |
| Record control number |
(AMICUS)000001097343 |
| 022 ## - INTERNATIONAL STANDARD SERIAL NUMBER |
| International Standard Serial Number |
0076-6119 |
| 035 ## - SYSTEM CONTROL NUMBER |
| System control number |
(OCoLC)ocm01715695 |
| 040 ## - CATALOGING SOURCE |
| Original cataloging agency |
DLC |
| Language of cataloging |
eng |
| Transcribing agency |
MUL |
| Modifying agency |
COO |
| -- |
DLC |
| -- |
NST |
| -- |
DLC |
| -- |
IUL |
| -- |
OCLCQ |
| -- |
OCLCF |
| -- |
OCLCO |
| -- |
OCL |
| -- |
NLC |
| -- |
OCLCQ |
| -- |
CLU |
| -- |
BDDh-ASL |
| 042 ## - AUTHENTICATION CODE |
| Authentication code |
pcc |
| 043 ## - GEOGRAPHIC AREA CODE |
| Geographic area code |
a-ii--- |
| 050 00 - LIBRARY OF CONGRESS CALL NUMBER |
| Classification number |
DS452 |
| Item number |
.M42 |
| 082 0# - DEWEY DECIMAL CLASSIFICATION NUMBER |
| Classification number |
954.02 |
| Item number |
ALI |
| 245 00 - TITLE STATEMENT |
| Title |
Medieval India, Vol.-3 : |
| Remainder of title |
a miscellany/ |
| 260 ## - PUBLICATION, DISTRIBUTION, ETC. |
| Place of publication, distribution, etc. |
Bombay: |
| -- |
London, |
| Name of publisher, distributor, etc. |
Asia Pub. House |
| Date of publication, distribution, etc. |
1975. |
| 300 ## - PHYSICAL DESCRIPTION |
| Extent |
v-3, 272 p. : |
| Dimensions |
25 cm. |
| 310 ## - CURRENT PUBLICATION FREQUENCY |
| Current publication frequency |
Irregular |
| 336 ## - CONTENT TYPE |
| Content type term |
text |
| Content type code |
txt |
| Source |
rdacontent |
| 337 ## - MEDIA TYPE |
| Media type term |
unmediated |
| Media type code |
n |
| Source |
rdamedia |
| 338 ## - CARRIER TYPE |
| Carrier type term |
volume |
| Carrier type code |
nc |
| Source |
rdacarrier |
| 362 0# - DATES OF PUBLICATION AND/OR SEQUENTIAL DESIGNATION |
| Dates of publication and/or sequential designation |
v. 1- 1969- |
| 362 1# - DATES OF PUBLICATION AND/OR SEQUENTIAL DESIGNATION |
| Dates of publication and/or sequential designation |
Ceased with volume 4, published in 1977. |
| 500 ## - GENERAL NOTE |
| General note |
"A miscellany." |
| 530 ## - ADDITIONAL PHYSICAL FORM AVAILABLE NOTE |
| Additional physical form available note |
Also issued online. |
| 550 ## - ISSUING BODY NOTE |
| Issuing body note |
Vol. 1- issued by Centre of Advanced Study, Dept. of History, Aligarh Muslim University. |
| 588 ## - SOURCE OF DESCRIPTION NOTE |
| Source of description note |
Latest issue consulted: volume 4, published in 1977. |
| 590 ## - LOCAL NOTE (RLIN) |
| Local note |
SERBIB/SERLOC merged record |
| 648 #7 - SUBJECT ADDED ENTRY--CHRONOLOGICAL TERM |
| Chronological term |
1000-1765 |
| Source of heading or term |
fast |
| 651 #0 - SUBJECT ADDED ENTRY--GEOGRAPHIC NAME |
| Geographic name |
India |
| General subdivision |
History |
| Chronological subdivision |
1000-1765. |
| 651 #7 - SUBJECT ADDED ENTRY--GEOGRAPHIC NAME |
| Geographic name |
India. |
| Source of heading or term |
fast |
| Authority record control number or standard number |
(OCoLC)fst01210276 |
| 651 #6 - SUBJECT ADDED ENTRY--GEOGRAPHIC NAME |
| Geographic name |
Inde |
| General subdivision |
Histoire |
| Chronological subdivision |
1000-1765 |
| General subdivision |
Collections. |
| 655 #7 - INDEX TERM--GENRE/FORM |
| Genre/form data or focus term |
History. |
| Source of term |
fast |
| Authority record control number or standard number |
(OCoLC)fst01411628 |
| 710 2# - ADDED ENTRY--CORPORATE NAME |
| Corporate name or jurisdiction name as entry element |
Aligarh Muslim University. |
| Subordinate unit |
Department of History. |
| -- |
Centre of Advanced Study. |
| 776 08 - ADDITIONAL PHYSICAL FORM ENTRY |
| Relationship information |
Online version: |
| Title |
Medieval India |
| Record control number |
(OCoLC)560604624 |
| 780 02 - PRECEDING ENTRY |
| Title |
Medieval India quarterly |
| Record control number |
(DLC) 57043141 |
| -- |
(OCoLC)4358898 |
| 785 02 - SUCCEEDING ENTRY |
| Title |
Medieval India (Delhi, India) |
| Record control number |
(DLC) 92911530 |
| -- |
(OCoLC)27802071 |
| 906 ## - LOCAL DATA ELEMENT F, LDF (RLIN) |
| a |
7 |
| b |
cbc |
| c |
serials |
| d |
3 |
| e |
ncip |
| f |
19 |
| g |
n-oclcserc |
| 942 ## - ADDED ENTRY ELEMENTS (KOHA) |
| Source of classification or shelving scheme |
Dewey Decimal Classification |
| Koha item type |
Books |